All India reporter 2005. (Record no. 1869)
[ view plain ]
| 000 -LEADER | |
|---|---|
| fixed length control field | 00681nam a22002297a 4500 |
| 001 - CONTROL NUMBER | |
| control field | 11168 |
| 003 - CONTROL NUMBER IDENTIFIER | |
| control field | BD-DhUAP |
| 005 - DATE AND TIME OF LATEST TRANSACTION | |
| control field | 20200217115741.0 |
| 008 - FIXED-LENGTH DATA ELEMENTS--GENERAL INFORMATION | |
| fixed length control field | 200217s2002 ii ar w 0 a0eng c |
| 040 ## - CATALOGING SOURCE | |
| Original cataloging agency | MUL |
| Language of cataloging | eng |
| Transcribing agency | MUL |
| Modifying agency | BD-DhUAP |
| 082 ## - DEWEY DECIMAL CLASSIFICATION NUMBER | |
| Edition number | 23 |
| Classification number | 348.54046 ALL |
| 245 00 - TITLE STATEMENT | |
| Title | All India reporter 2005. |
| 260 ## - PUBLICATION, DISTRIBUTION, ETC. | |
| Place of publication, distribution, etc. | Nagpur, India : |
| Name of publisher, distributor, etc. | All India Reporter, |
| Date of publication, distribution, etc. | 2005. |
| 300 ## - PHYSICAL DESCRIPTION | |
| Extent | volumes : |
| Other physical details | illustrations ; |
| Dimensions | 25 cm. |
| 500 ## - GENERAL NOTE | |
| General note | Includes also text of acts, articles, book reviews, etc. |
| 505 ## - FORMATTED CONTENTS NOTE | |
| Formatted contents note | V. 92-- |
| 650 #0 - SUBJECT ADDED ENTRY--TOPICAL TERM | |
| Topical term or geographic name entry element | Law reports, digests, etc. |
| Geographic subdivision | India. |
| 650 #7 - SUBJECT ADDED ENTRY--TOPICAL TERM | |
| Topical term or geographic name entry element | Law reports, digests, etc. |
| 651 #7 - SUBJECT ADDED ENTRY--GEOGRAPHIC NAME | |
| Geographic name | India. |
| 710 2# - ADDED ENTRY--CORPORATE NAME | |
| Corporate name or jurisdiction name as entry element | Supreme Court of India. |
| 942 ## - ADDED ENTRY ELEMENTS (KOHA) | |
| Source of classification or shelving scheme | |
| Koha item type | Book |
| Withdrawn status | Lost status | Source of classification or shelving scheme | Damaged status | Not for loan | Permanent Location | Current Location | Shelving location | Date acquired | Full call number | Barcode | Date last seen | Copy number | Price effective from | Koha item type |
|---|---|---|---|---|---|---|---|---|---|---|---|---|---|---|
| UAP Central Library | UAP Central Library | General Stacks | 2020-02-17 | 348.54046 ALL V-92 | 3010011168 | 2020-02-17 | 1 | 2020-02-17 | Book | |||||
| UAP Central Library | UAP Central Library | General Stacks | 2020-02-17 | 348.54046 ALL V-92 | 3010011169 | 2020-02-17 | 2 | 2020-02-17 | Book | |||||
| UAP Central Library | UAP Central Library | General Stacks | 2020-02-17 | 348.54046 ALL V-92 | 3010011167 | 2020-02-17 | 3 | 2020-02-17 | Book | |||||
| UAP Central Library | UAP Central Library | General Stacks | 2020-02-17 | 348.54046 ALL V-92 | 3010011171 | 2020-02-17 | 4 | 2020-02-17 | Book | |||||
| UAP Central Library | UAP Central Library | General Stacks | 2020-02-17 | 348.54046 ALL V-92 | 3010011170 | 2020-02-17 | 5 | 2020-02-17 | Book | |||||
| UAP Central Library | UAP Central Library | General Stacks | 2020-02-17 | 348.54046 ALL V-92 | 3010011173 | 2020-02-17 | 6 | 2020-02-17 | Book | |||||
| UAP Central Library | UAP Central Library | General Stacks | 2020-02-17 | 348.54046 ALL V-92 | 3010011176 | 2020-02-17 | 7 | 2020-02-17 | Book | |||||
| UAP Central Library | UAP Central Library | General Stacks | 2020-02-17 | 348.54046 ALL V-92 | 3010011175 | 2020-02-17 | 8 | 2020-02-17 | Book | |||||
| UAP Central Library | UAP Central Library | General Stacks | 2020-02-17 | 348.54046 ALL V-92 | 3010011174 | 2020-02-17 | 9 | 2020-02-17 | Book | |||||
| UAP Central Library | UAP Central Library | General Stacks | 2020-02-17 | 348.54046 ALL V-92 | 3010011172 | 2020-02-17 | 10 | 2020-02-17 | Book | |||||
| UAP Central Library | UAP Central Library | General Stacks | 2020-02-17 | 348.54046 ALL V-92 | 3010011177 | 2020-02-17 | 11 | 2020-02-17 | Book |
Bengali Keyboard